000 00283nam a22001337a 4500
008 181019b xxu||||| |||| 00| 0 eng d
020 _a9780021492671
041 _aeng
080 _a941
100 _a16
101 _aHIS
245 _aOur Nation
_cHill.M.M
942 _2udc
_cBK
999 _c50172
_d50172